000 00584cam a2200181 4500
001 WB3726-19
008 000000n2001 000 0 eng u
035 _a(Sirsi) u113511
245 _aProperty fund management
260 _c2001
490 _aFinancial Times
_v Survey 29 June 2001, (5) LOAN
520 _aSurvey into property fund management. Includes items on mortgage-backed securities, new technology and international diversification.
590 _aWB
650 _aPROPERTY FUND MANAGEMENT
650 _aINSTITUTIONAL INVESTMENT
690 _aINVESTMENT
942 _n0
999 _c67619
_d67619